| 000 | 01489cam a2200397 i 4500 | ||
|---|---|---|---|
| 001 | 1885322 | ||
| 003 | OSt | ||
| 005 | 20240321101357.0 | ||
| 008 | 890522s1982 hu a b 001 0 eng | ||
| 010 | _a 83156859 | ||
| 020 | _a9630532603 (pbk.) | ||
| 040 |
_aDLC _cDLC _dDLC |
||
| 041 | 0 | _aengtib | |
| 050 | 0 | 0 |
_aZ7862.4 _b.B48 1982 _aBQ1267 |
| 100 | 1 | _aBethlenfalvy, Géza. | |
| 245 | 1 | 2 |
_aA hand-list of the Ulan Bator manuscript of the Kanjur Rgyal-rtse them spaṅs-ma / _cby Géza Bethlenfalvy. |
| 264 |
_aBudapest : _bAkadémiai Kiadó, _c1982. |
||
| 300 |
_a111 pages : _bill. ; _c20 cm. |
||
| 336 |
_2rdacontent _atext _btxt |
||
| 337 |
_2rdamedia _aunmediated _bn |
||
| 338 |
_2rdacarrier _avolume _bnc |
||
| 440 | 0 |
_aFontes Tibetani ; _v1 |
|
| 490 | 1 |
_aDebter, deb-ther, debtelin : materials for Central Asiatic and Altaic studies ; _v1 |
|
| 500 | _aIntroduction in English, list in Tibetan. | ||
| 500 | _aSpine title: Kanjur Rgyal-rtse them spaṅs-ma. | ||
| 500 | _a"A project of the Research Group for Altaic Studies of the Hungarian Academy of Sciences"--T.p. verso. | ||
| 500 | _aIncludes index. | ||
| 504 | _aBibliography: p. 9-10. | ||
| 590 | _aIn English. | ||
| 630 | 0 | 0 |
_aKanjur _xBibliography. |
| 710 | 2 |
_aMagyar Tudományos Akadémia. _bAltajisztikai Tanszéki Kutatócsoport. |
|
| 740 | 0 | _aKanjur Rgyal-rtse them spaṅs-ma. | |
| 830 | 0 |
_aDebter, deb-ther, debtelin ; _v1. |
|
| 906 |
_a7 _bcbc _corignew _d2 _encip _f19 _gy-gencatlg |
||
| 942 |
_cBOOKLET _n0 |
||
| 999 |
_c425 _d425 |
||